000 00455nam a22001817a 4500
003 MPLRDC
005 20220104114229.0
008 210129b ||||| |||| 00| 0 eng d
020 _a7-226-00218-3
082 _a857.48 PJ
100 _a卜键
245 _a金瓶梅作者李开先考
_c
250 _a一版一刷
260 _a
_b甘肃人民出版社
_c1988
300 _b
650 _a话本小说及章回--金瓶梅
942 _cBK
_o857.48 PJ
999 _c5861
_d5851